Antonymie - Joie - Statistiques

Statistiques générales
  • Ce quiz a été pris 47 fois
  • Le résultat moyen est 4 sur 19
Statistiques - réponses
Antonymes % Correct
Tristesse
100%
Mal
73%
Mélancolie
36%
Peine
36%
Douleur
25%
Désespoir
23%
Amertume
18%
Souffrance
18%
Chagrin
16%
Abattement
14%
Dépit
14%
Deuil
14%
Affliction
11%
Morosité
11%
Tourment
9%
Désolation
7%
Déchirement
5%
Embêtement
5%
Consternation
2%
Aucun quiz correspondant
Distribution des résultats
% des personnes avec chaque résultat
Percentile par nombre de réponses
Votre historique - résultats
Vous n’avez pas pris ce quiz